LEADER 01964oam 2200505zu 450 001 9910164330603321 005 20230119184010.0 010 $a0-8031-5154-3 035 $a(CKB)3170000000044035 035 $a(SSID)ssj0001184207 035 $a(PQKBManifestationID)11777180 035 $a(PQKBTitleCode)TC0001184207 035 $a(PQKBWorkID)11196004 035 $a(PQKB)11677170 035 $a(EXLCZ)993170000000044035 100 $a20160829d1990 uy 0 101 0 $aeng 181 $ctxt$2rdacontent 182 $cc$2rdamedia 183 $acr$2rdacarrier 200 00$aExtending the life of bridges 210 31$aPhiladelphia, PA :$cASTM$d1990 215 $a1 online resource ([4], 132 pages) $cillustrations, charts, diagrams, tables 225 0 $aASTM STP Extending the life of bridges 300 $aBibliographic Level Mode of Issuance: Monograph 300 $a"Contains papers presented at a symposium Extending the Life of Bridges held in Lake Buena Vista, Fla., 5 December 1989. The symposium was sponsored by ASTM Committee D-4 on Road and Paving Materials, its Subcommittees D04.32 on Bridges and Structures and D04.36 on Bridge Deck Protective Systems, and ASTM Committee G-1 on Corrosion of Metals."--Foreword 311 $a0-8031-1402-8 606 $aBridges$xMaintenance and repair$vCongresses 606 $aBridges$xInspection$vCongresses 606 $aConcrete bridges$vCongresses 606 $aGirders$xTesting$vCongresses 615 0$aBridges$xMaintenance and repair 615 0$aBridges$xInspection 615 0$aConcrete bridges 615 0$aGirders$xTesting 676 $a624/.28 702 $aMaupin$b G. W. 702 $aBrown$b Bernard C.$f1934- 702 $aLichtenstein$b Abba G.$f1922- 712 02$aASTM Committee D-4 on Road and Paving Materials. 801 0$bPQKB 906 $aBOOK 912 $a9910164330603321 996 $aExtending the life of bridges$92232559 997 $aUNINA